000 00648nam a2200229 i 4500
001 bg
100 1 _aSZYMAŃSKI, Marian
245 1 0 _aTermodynamika /
_cMarian Szymański, Jan Łukasiewicz.
260 _aBydgoszcz :
_bWydawnictwa Uczelniane Akademii Techniczno-Rolniczej,
_ccop. 2001.
300 _a287 s. :
_bil. ;
_c24 cm.
504 _aBibliogr. - Indeks.
650 9 _aTermodynamika
655 _aPodręczniki akademickie
700 1 _aŁUKASIEWICZ, Jan
020 _a8387274283
040 _cBPK
041 0 _apl
080 _a536.7(075.8)
920 _a83-87274-28-3
942 _cKS
008 s pl f |000 0 pol
999 _c42430
_d42430
856 _uhttp://koha.tu.koszalin.pl/cgi-bin/koha/opac-detail.pl?biblionumber=42430
_yKatalog online BPK